Сочинения; Рассказы; Четыре дня. Происшествия. Трус. Встреча. Художники. Attalea princeps. Ночь. Денщик и офицер. То, чего не было. Медведи. Из воспоминаний рядового Иванова. Красный цветок. Сказка о жабе и розе. Надежда Николаевна. Сказание о гордом Аггее. Сигнал. Лягушка-путешественница.; Очерки; Статьи о живописи; Стихотворения; Стихотворения в прозе

Detalles Bibliográficos
Autor principal: Гаршин В. М. Всеволод Михайлович
Otros Autores: Грихин В. (автор предисловия)
Lenguaje:ruso
Publicado: Москва, Художественная литература, 1983
TOC:Рассказы;
Четыре дня. Происшествия. Трус. Встреча. Художники. Attalea princeps. Ночь. Денщик и офицер. То, чего не было. Медведи. Из воспоминаний рядового Иванова. Красный цветок. Сказка о жабе и розе. Надежда Николаевна. Сказание о гордом Аггее. Сигнал. Лягушка-путешественница.;
Очерки;
Статьи о живописи;
Стихотворения;
Стихотворения в прозе;
Materias:
Formato: Libro
KOHA link:https://koha.lib.tpu.ru/cgi-bin/koha/opac-detail.pl?biblionumber=112664

MARC

LEADER 00000nam0a2200000 4500
001 112664
005 20231101215057.0
020 |a RU  |b 83-43848 
035 |a (RuTPU)RU\TPU\book\121821 
090 |a 112664 
100 |a 20070401d1983 m y0rusy5003 ca 
101 0 |a rus 
102 |a RU 
105 |a c z 001aa 
200 1 |a Сочинения  |f В. М. Гаршин  |g [Вступ. ст., с. 3-19, и коммент. В. Грихина] 
210 |a Москва  |c Художественная литература  |d 1983 
215 |a 415 с.  |c 1 л. портр.  |d 20 см 
320 |a Комментарии: с. 392 
464 |t Рассказы 
464 |t Четыре дня. Происшествия. Трус. Встреча. Художники. Attalea princeps. Ночь. Денщик и офицер. То, чего не было. Медведи. Из воспоминаний рядового Иванова. Красный цветок. Сказка о жабе и розе. Надежда Николаевна. Сказание о гордом Аггее. Сигнал. Лягушка-путешественница. 
464 |t Очерки 
464 |t Статьи о живописи 
464 |t Стихотворения 
464 |t Стихотворения в прозе 
610 1 |a русская литература 
610 1 |a 19 век 
610 1 |a рассказы 
610 1 |a очерки 
610 1 |a стихотворения 
610 1 |a стихотворения в прозе 
610 1 |a сказки 
675 |a Р1  |z rus  |v 3 
700 1 |a Гаршин  |b В. М.  |c русский писатель  |f 1855-1888  |g Всеволод Михайлович  |2 stltpush  |3 (RuTPU)RU\TPU\pers\11450  |9 2645 
702 1 |a Грихин  |b В.  |4 080 
801 0 |a RU  |b RuMRKP  |c 19950704  |g psbo 
801 1 |a RU  |b 63413507  |c 20070401  |g PSBO 
801 2 |a RU  |b 63413507  |c 20150115  |g PSBO 
942 |c BK